MENTORING A PRACTITIONER S GUIDE TO TOUC (Record no. 27428)

MARC details
000 -LEADER
fixed length control field 00345nam a2200133Ia 4500
008 - FIXED-LENGTH DATA ELEMENTS--GENERAL INFORMATION
fixed length control field 240624s9999 xx 000 0 und d
041 ## - LANGUAGE CODE
Language code of text/sound track or separate title eng
082 ## - DEWEY DECIMAL CLASSIFICATION NUMBER
Classification number 658.3124 GUP
100 ## - MAIN ENTRY--PERSONAL NAME
Personal name GUPTAN SUNIL UNNY
245 ## - TITLE STATEMENT
Title MENTORING A PRACTITIONER S GUIDE TO TOUC
260 ## - PUBLICATION, DISTRIBUTION, ETC.
Date of publication, distribution, etc. 2013
Place of publication, distribution, etc. New Delhi
Name of publisher, distributor, etc. Sage
300 ## - PHYSICAL DESCRIPTION
Extent 214 : p. : cm. ; 19
365 ## - TRADE PRICE
Currency code RS
Price amount 38
Holdings
Withdrawn status Lost status Damaged status Not for loan Home library Current library Shelving location Date acquired Source of acquisition Cost, normal purchase price Total Checkouts Full call number Barcode Date last seen Date last checked out Copy number Price effective from Koha item type
        IMTN IMTN Rack 26-A 05/02/2016 AP 250.00 1 658.3124 GUP 27428 10/16/2025 10/13/2025 1 06/24/2024 Books
Designed & Maintained by: LRC IMT Nagpur Contact: lrc@imtnag.ac.in© 2024. All Rights Reserved.